000 00442 a2200169 4500
020 _a9788183331777
082 _a005.133
090 _c7006
_d7006
100 _aKanetkar, Yashavant P.
245 _aLet us C solutions
_cYashavant P.Kanetkar
250 _a11 th ed
260 _aNew Delhi
_bBPB Publications
_c2011
300 _a460 p.
650 _aC--Computer program language
700 _aYashavant P.Kanetkar
942 _cBK
_k005.133 KAN
999 _c10815
_d10815